000
00351 a2200169 4500
001
184975
020
_a
85-262-2078-0
040
_c
Magnum
100
_a
Oliveira, Dos Santos Ronni
240
1
0
_a
Que frio !
_l
por
245
1
0
_a
Que frio !
300
_a
16
362
0
_a
1993
440
1
_a
Scipione
697
_a
LITERATURA INFANTIL
942
_c
BK
999
_c
184975
_d
184975